Principles of Namibian Criminal Law : (Record no. 583)

MARC details
000 -LEADER
fixed length control field 00546nam a22001577a 4500
005 - DATE AND TIME OF INPUT
control field 20231113142349.0
008 - DATA ELEMENTS--GENERAL INFORMATION
fixed length control field 231113b |||||||| |||| 00| 0 eng d
041 ## - LANGUAGE CODE
Language code of text English
082 ## - SHELF NUMBER
DDC number 345 PRI
100 ## - MAIN AUTHOR
Main author's name Theart, OR ; Oberholzer, BW and Maasdorp, A
Language of a work English
245 ## - TITLE STATEMENT
Title Principles of Namibian Criminal Law :
Sub-title For the Investigator/Prosecutor /
Statement of responsibility, etc. OR Theart, BW Oberholzer and A Maasdorp
260 ## - PUBLICATION, DISTRIBUTION, ETC.
Place of publication, distribution, etc. Windhoek :
Date of publication, distribution, etc. 1992
300 ## - PHYSICAL DESCRIPTION
Other physical details 174 pages ;
Dimensions 30 cm.
650 ## - SUBJECT`
Broad subject Legal practice
Own subject terms Law
942 ## - ADDED ENTRY ELEMENTS (KOHA)
Item type Books
942 ## - ADDED ENTRY ELEMENTS (KOHA)
-- ALISON_BN_VRIES
Holdings
Source of classification or shelving scheme Not for loan Collection code Home library Current library Shelving location Date acquired Full call number Barcode Price effective from Koha item type
Dewey Decimal Classification   TEXT BOOKS LAW SOCIETY OF NAMIBIA LIBRARY - WINDHOEK LAW SOCIETY OF NAMIBIA LIBRARY - WINDHOEK Criminal law and procedures 11/13/2023 345 PRI LSN/2009/117 11/13/2023 Books